| 000 | 00987nam a2200253Ia 4500 | ||
|---|---|---|---|
| 003 | OSt | ||
| 005 | 20221005105653.0 | ||
| 006 | a|||||r|||| 00| 0 | ||
| 007 | ta | ||
| 008 | 221004b |||||||| |||| 00| 0 hin d | ||
| 020 |
_a8181432010 (hbk) _c600 |
||
| 024 | _a94083 | ||
| 037 |
_b561, 23/03/2009, Vani Prakashan _cTextual |
||
| 040 |
_aCRL _cCRL _bhin |
||
| 041 |
_2hin _ahin |
||
| 082 | _aO152,1M86:g, P4 | ||
| 100 | _aपालीवाल, कृष्णदत्त | ||
| 245 | 0 | _aमैथिलीशरण गुप्त प्रांसगिकता के अन्तःसूत्र | |
| 246 | _aMaithilīsharaṇ gupta prāansagikatā ke antahsūtra | ||
| 260 |
_aनई दिल्ली _bवाणी प्रकाशन भारत _c2004 |
||
| 300 |
_a159पृ0 _ccm. |
||
| 942 |
_hO152,1M86:g, P4 _cTEXL _2cc |
||
| 999 |
_c1016524 _d1016524 |
||